<?xml version="1.0" encoding="UTF-8"?>
<record
    xmlns:xsi="http://www.w3.org/2001/XMLSchema-instance"
    xsi:schemaLocation="http://www.loc.gov/MARC21/slim http://www.loc.gov/standards/marcxml/schema/MARC21slim.xsd"
    xmlns="http://www.loc.gov/MARC21/slim">

  <leader>03518nam a22003854i 4500</leader>
  <controlfield tag="001">991061742329706706</controlfield>
  <controlfield tag="003">ES-BaIT</controlfield>
  <controlfield tag="005">20260507151042.0</controlfield>
  <controlfield tag="008">260430s2025    spcao|||r|||||00| 0dcat|c</controlfield>
  <datafield tag="017" ind1=" " ind2=" ">
    <subfield code="a">DL B. 22194-2025</subfield>
    <subfield code="b">Biblioteca de Catalunya</subfield>
  </datafield>
  <datafield tag="020" ind1=" " ind2=" ">
    <subfield code="a">9788409788651</subfield>
    <subfield code="q">(R&#xFA;stica)</subfield>
  </datafield>
  <datafield tag="040" ind1=" " ind2=" ">
    <subfield code="a">ES-TaURV</subfield>
    <subfield code="b">cat</subfield>
    <subfield code="e">rda</subfield>
    <subfield code="c">ES-TaURV</subfield>
  </datafield>
  <datafield tag="100" ind1="1" ind2=" ">
    <subfield code="a">Calduch Ramos, Llu&#xED;s </subfield>
    <subfield code="e">entrevistat </subfield>
    <subfield code="9">169446</subfield>
  </datafield>
  <datafield tag="245" ind1="1" ind2="0">
    <subfield code="a">Emocions en dansa :</subfield>
    <subfield code="b">converses amb Llu&#xED;s Calduch Ramos /</subfield>
    <subfield code="c">Josep Maria Fuentes Ros</subfield>
  </datafield>
  <datafield tag="264" ind1=" " ind2="1">
    <subfield code="a">Barcelona :</subfield>
    <subfield code="b">Esbart Ciutat Comtal,</subfield>
    <subfield code="c">2025</subfield>
  </datafield>
  <datafield tag="300" ind1=" " ind2=" ">
    <subfield code="a">297 p&#xE0;gines :</subfield>
    <subfield code="b">il&#xB7;lustracions, fotografies en color ;</subfield>
    <subfield code="c">21 cm</subfield>
  </datafield>
  <datafield tag="336" ind1=" " ind2=" ">
    <subfield code="a">text</subfield>
    <subfield code="b">txt</subfield>
    <subfield code="2">rdacontent</subfield>
  </datafield>
  <datafield tag="337" ind1=" " ind2=" ">
    <subfield code="a">sense mediaci&#xF3;</subfield>
    <subfield code="b">n</subfield>
    <subfield code="2">rdamedia</subfield>
  </datafield>
  <datafield tag="338" ind1=" " ind2=" ">
    <subfield code="a">volum</subfield>
    <subfield code="b">nc</subfield>
    <subfield code="2">rdacarrier</subfield>
  </datafield>
  <datafield tag="490" ind1="1" ind2=" ">
    <subfield code="a">Creaci&#xF3; en la dansa d'arrel</subfield>
  </datafield>
  <datafield tag="504" ind1=" " ind2=" ">
    <subfield code="a">&#xCD;ndexs onom&#xE0;stic, de col&#xB7;lectius i d'arranjaments i coreografies</subfield>
  </datafield>
  <datafield tag="505" ind1="8" ind2=" ">
    <subfield code="a">1981-1995: Dels inicis al ball franc&#xE8;s ; Danses de l'Ebre ; Variacions d'Alentorn ; Ball de valencians ;  Bolero de Castell&#xF3; ;  Ball de Rams d'Hostafrancs, Pola d'Hostafrancs --- 1995-1998: Quartet ; Viatge ; La marxa ; Veu i moviment , Tempor&#xE0;nia ; Sortilegis -- 1998-2004: La mem&#xF2;ria dels cargols ; Tocs de cobla ;Tonades de Balanc&#xED; ; De mica en mica ; Bolero de Torreblanca ; Una follia de La Franja ; Hist&#xF2;ries de Catalunya ; Aniversari de Cotxeres, Casinet ; Som de mar, Terrena -- 2005-2010: Laberint ; Des d'ara ; Fragments d'estima ; Cants i danses del Llibre vermell de Montserrat ; Al&#xE8; d'esperan&#xE7;a ; Trackonze ; Comte Arnau ;Homenatge al mestre Toldr&#xE0; -- 2012-2016: Vals per un amic, Dansa per a una rosa ; Eul&#xE0;lia, la poesia de la hist&#xF2;ria de Santa Eul&#xE0;lia ; Clavellinera ; &#xD2;rbit ; Coses de Palam&#xF3;s -- 2019-2023: Balla ; Vida i miracles d'una ginestera ; Trenta-vuit&#xE8; batec ; Segum bategant ; De dansaire a director ; L'esbart, generador de vida, emocions i sentiments ; De dansa i de vida ; Nomencl&#xE0;tor</subfield>
  </datafield>
  <datafield tag="520" ind1=" " ind2=" ">
    <subfield code="a">"El llibre recull gaireb&#xE9; trenta hores de converses entre Josep Maria Fuentes i Llu&#xED;s Calduch Ramos, figura clau en la renovaci&#xF3; de la dansa catalana d&#x2019;arrel. A trav&#xE9;s d&#x2019;aquest di&#xE0;leg profund, l&#x2019;obra ofereix una mirada &#xED;ntima i documentada sobre la creaci&#xF3; coreogr&#xE0;fica, la relaci&#xF3; amb la m&#xFA;sica i el vestuari, la posada en escena i el paper de la dansa com a expressi&#xF3; de la identitat col&#xB7;lectiva.Emocions en dansa &#xE9;s, alhora, una reflexi&#xF3; sobre el paper dels esbarts dansaires en la societat contempor&#xE0;nia i un homenatge al treball col&#xB7;lectiu i la passi&#xF3; de generacions que han mantingut viva la cultura popular. A la vegada, l&#x2019;obra posa en valor el recorregut creatiu de Calduch i el vincula amb la tasca de l&#x2019;Esbart Ciutat Comtal &#x2014;fundat el 1959&#x2014;, entitat referent que ha sabut conjugar la tradici&#xF3; i la recerca esc&#xE8;nica, guardonada amb la Medalla d&#x2019;Honor de la Ciutat de Barcelona i el Premi Ciutat de Barcelona (2013 i 2024)" -- onallibres.cat</subfield>
  </datafield>
  <datafield tag="600" ind1="1" ind2="7">
    <subfield code="a">Calduch Ramos, Llu&#xED;s </subfield>
    <subfield code="x">Intervius</subfield>
    <subfield code="2">lemac</subfield>
    <subfield code="9">169447</subfield>
  </datafield>
  <datafield tag="610" ind1="2" ind2="7">
    <subfield code="a">Esbart Ciutat Comtal</subfield>
    <subfield code="x">Hist&#xF2;ria</subfield>
    <subfield code="2">lemac</subfield>
    <subfield code="9">124597</subfield>
  </datafield>
  <datafield tag="650" ind1=" " ind2="7">
    <subfield code="a">Esbarts</subfield>
    <subfield code="z">Catalunya</subfield>
    <subfield code="z">Barcelona</subfield>
    <subfield code="2">lemac</subfield>
    <subfield code="9">169448</subfield>
  </datafield>
  <datafield tag="650" ind1=" " ind2="4">
    <subfield code="a">Core&#xF2;grafs de danses populars i nacionals</subfield>
    <subfield code="z">Catalunya</subfield>
    <subfield code="9">169449</subfield>
  </datafield>
  <datafield tag="650" ind1=" " ind2="7">
    <subfield code="a">Danses populars i nacionals catalanes</subfield>
    <subfield code="9">56631</subfield>
    <subfield code="v">lemac</subfield>
  </datafield>
  <datafield tag="700" ind1="1" ind2=" ">
    <subfield code="a">Fuentes Ros, Josep</subfield>
    <subfield code="e">entrevistador  </subfield>
    <subfield code="9">169450</subfield>
  </datafield>
  <datafield tag="710" ind1="2" ind2=" ">
    <subfield code="a">Esbart Ciutat Comtal</subfield>
    <subfield code="e">entitat editora</subfield>
    <subfield code="9">124601</subfield>
  </datafield>
  <datafield tag="830" ind1=" " ind2="0">
    <subfield code="a">Creaci&#xF3; en la dansa d'arrel</subfield>
    <subfield code="v">1</subfield>
    <subfield code="9">169451</subfield>
  </datafield>
  <datafield tag="908" ind1=" " ind2=" ">
    <subfield code="a">URV</subfield>
    <subfield code="a">BMON</subfield>
    <subfield code="a">CDMAE</subfield>
  </datafield>
  <datafield tag="940" ind1=" " ind2=" ">
    <subfield code="a">URV</subfield>
  </datafield>
  <datafield tag="942" ind1=" " ind2=" ">
    <subfield code="2">udc</subfield>
    <subfield code="c">1</subfield>
  </datafield>
  <datafield tag="952" ind1=" " ind2=" ">
    <subfield code="0">0</subfield>
    <subfield code="1">0</subfield>
    <subfield code="2">udc</subfield>
    <subfield code="4">0</subfield>
    <subfield code="7">0</subfield>
    <subfield code="a">10000</subfield>
    <subfield code="b">10000</subfield>
    <subfield code="c">10040</subfield>
    <subfield code="d">2026-05-07</subfield>
    <subfield code="e">2</subfield>
    <subfield code="l">0</subfield>
    <subfield code="o">793.22(460.23) CAL</subfield>
    <subfield code="p">1900090115</subfield>
    <subfield code="r">2026-05-07 15:12:43</subfield>
    <subfield code="w">2026-05-07</subfield>
    <subfield code="y">1</subfield>
  </datafield>
  <datafield tag="999" ind1=" " ind2=" ">
    <subfield code="c">137436</subfield>
    <subfield code="d">137436</subfield>
  </datafield>
</record>
